000 00354 a2200169 4500
001 169631
020 _a85-08-07749-1
040 _cMagnum
100 _aRey, Marcos
240 1 0 _aA arca dos marechais
_lpor
245 1 0 _aA arca dos marechais
300 _a165
362 0 _a2001
440 1 _aÁtica
697 _aLITERATURA JUVENIL
942 _cBK
999 _c169631
_d169631